000 00446nam a2200157Ia 4500
008 230312s9999||||xx |||||||||||||| ||und||
020 _a0-07-145218-4
082 _a688.79124
_bSTE-T
100 _aDoug Stewart
245 0 _aTying And Fishing Outstanding Flies
260 _bThe McGraw-Hill
_aLondon
_c2006
300 _a152
546 _aEng.
650 _aManagement
_vtying trout flies, flies,fish and fables,tricks of the trade
942 _cBK
999 _c4545
_d4545